01854nam a2200349   4500003000900000005001700009008004100026040004600067041000800113082002700121092000700148099003500155100005700190245014700247264007000394300003000464336002200494337002400516338003300540504010800573546009600681650004400777650003000821651001000851856005700861905001300918942001900931999001700950952017900967952017901146952017901325EG-GICUC20260121101219.0251113s2004    ua ||||fr|||| 00| 0 ara d  a EG-GICUCbarac EG-GICUCd EG-GICUCerda0 aara04221a341.83bص ل . م04221  aLaw1 12 341.83 ص ل . م 20040 aصلاح الدين جمال الدينeمؤلف.10aمشكلات حضانة الأطفال فى زواج الأجانب :bدراسة مقارنة /cصلاح الدين جمال الدين.  aالاسكندريه :bدار الفكر الجامعى،c2004.  a166 ؛ صفحةc24 سم.  2rda contentatext  2rda mediaaComputer  2rda carrieraOnline Resource  aيحتوي على ارجاعات ببليوجرافية
يحتوي على قائمة بالمراجع  aالنص أغلبه باللغة العربية مع بعض النصوص الفرنسية1 aالأجانب x قانون دولي1 aحضانة الاطفال1 2qrmak40uhttps://fll.law.cu.edu.eg/fulltext/bks/B12-01293.pdf  a75eYara  2ddcn0cBKe21  c43105d43105  00102ddc40718القانون الدولي الخاصaCUbLAW1d2025-11-13l0oLaw1 12	341.83 ص ل . م 2004 1201293	C1pB12-01293r2025-11-13 16:01:36t1w2025-11-13yBK  00102ddc40708القانون الدولي الخاصaCUbLAW1d2025-11-13l0oLaw1 12	341.83 ص ل . م 2004 1201294	C2pB12-01294r2025-11-13 16:01:58t2w2025-11-13yBK  00102ddc40718القانون الدولي الخاصaCUbLAW2d2025-11-13l0oLaw2 12	341.83 ص ل . م 2004 1201295	C3pB12-01295r2025-11-13 16:02:22t3w2025-11-13yBK